Abortion, Fertility, and Changing Legislation (Record no. 1190811)

MARC details
000 -LEADER
fixed length control field 00687nam a2200253Ia 4500
003 - CONTROL NUMBER IDENTIFIER
control field OSt
005 - DATE AND TIME OF LATEST TRANSACTION
control field 20221007110512.0
008 - FIXED-LENGTH DATA ELEMENTS--GENERAL INFORMATION
fixed length control field 221006b |||||||| |||| 00| 0 eng d
020 ## - INTERNATIONAL STANDARD BOOK NUMBER
International Standard Book Number 0669940291
037 ## - SOURCE OF ACQUISITION
Terms of availability Textual
040 ## - CATALOGING SOURCE
Original cataloging agency LCO
Transcribing agency LCO
Language of cataloging eng
041 ## - LANGUAGE CODE
Source of code eng
Language code of text/sound track or separate title eng
100 ## - MAIN ENTRY--PERSONAL NAME
Personal name Tak Jean Van Der
9 (RLIN) 707577
245 #0 - TITLE STATEMENT
Title Abortion, Fertility, and Changing Legislation
Remainder of title An International Review
260 ## - PUBLICATION, DISTRIBUTION, ETC.
Place of publication, distribution, etc. Toronto
Name of publisher, distributor, etc. Lexington Books Canada
Date of publication, distribution, etc. 1974
300 ## - PHYSICAL DESCRIPTION
Extent 141
650 ## - SUBJECT ADDED ENTRY--TOPICAL TERM
Topical term or geographic name entry element ABORTION
942 ## - ADDED ENTRY ELEMENTS (KOHA)
Classification part Y:5, L4
Koha item type Textual
Holdings
Withdrawn status Lost status Damaged status Not for loan Home library Current library Date acquired Total Checkouts Full call number Barcode Date last seen Price effective from Koha item type
        Law Centre-I Library Law Centre-I Library 2022-10-07   Y:5 L4 LO0629900 2022-10-07 2022-10-07 Textual
Copyright @ Delhi University Library System